| 000 | 01470nam a22003730a 4500 | ||
|---|---|---|---|
| 001 | PT31472 | ||
| 003 | AR-LpoUNG | ||
| 005 | 20250127104304.0 | ||
| 008 | 191001s2006||||ag |||||||||||||||||spa d | ||
| 020 |
_a9505813791 _c$7.30 |
||
| 040 |
_aAR-LpoUNG _bspa _cAR-LpoUNG _eaacr |
||
| 041 | 0 | _aspa | |
| 044 | _aag | ||
| 082 | 0 | _a982.065 634igl | |
| 100 | 1 | _aMignone, Emilio Fermín | |
| 245 | 1 | 0 |
_aIglesia y Dictadura : _bel papel de la iglesia a la luz de sus relaciones con el régimen militar |
| 250 | _a2da. ed. | ||
| 260 |
_aBuenos Aires : _bEdiciones del Pensamiento Nacional, _c2006. |
||
| 300 |
_a267 p. : _bmapas |
||
| 520 | _aLa argentina ha entrado en un saludable debate sobre lo acontecido en la década de 1970, hasta la restauración, en 1983, del sistema constitucional. En ese intercambio no puede estar ajeno el papel desempeñado por la Iglesia católica y en particular por su jerarquía. Ello es indispensable para el país y para la Iglesia, que necesita desarrollar cada vez más una opinión pública interna donde se expongan los distintos criterios con racionalidad y decoro. | ||
| 650 | 4 | _aARGENTINA | |
| 650 | 4 | _aCLERO | |
| 650 | 4 | _aESTADO | |
| 650 | 4 | _aFUERZAS ARMADAS | |
| 650 | 4 | _aIDEOLOGIAS | |
| 650 | 4 | _aIGLESIA | |
| 650 | 4 | _aPARTICIPACION SOCIAL | |
| 650 | 4 | _aPARTIDOS POLITICOS | |
| 650 | 4 | _aPOLITICA | |
| 650 | 4 | _aRELACION GOBIERNO FUERZAS ARMADAS | |
| 650 | 4 | _aREVOLUCION | |
| 905 | _a31472 | ||
| 942 |
_cLIB _2ddc |
||
| 999 |
_c18 _d18 |
||